000 00781pam a22002294a 4500
008
020 _a158053029X (hbk.)
049 _aMAIN
090 0 0 _aTA190FIE
100 1 _aFields, R. W.
_q(R. Wayne)
245 1 4 _aThe entrepreneurial engineer :
_bstarting your own high-tech company /
_cR. Wayne Fields.
260 _aBoston, Mass. :
_bArtech House ,
_c1999.
300 _axix, 332 p. :
_bill. ;
_c23 cm.
440 0 _aArtech House technology management and professional development library.
504 _aIncludes bibliographical references and index.
650 0 _aEngineering firms
_xManagement.
907 _a.b10172877
_b23-11-05
_c22-08-05
003
005 20230123134056.0
040 _cNUST
942 _cBOOKS
_kTA190FIE
999 _c159601
_d159601